[Event "Norway Chess 2015"]
[Site "Stavanger NOR"]
[Date "2015.06.24"]
[Round "8"]
[White "Giri, A."]
[Black "Topalov, V."]
[Result "1-0"]
[WhiteElo "2773"]
[BlackElo "2798"]
[PlyCount "111"]
[EventDate "2015.06.17"]

1. d4 Nf6 2. c4 e6 3. Nf3 d5 4. g3 Bb4+ 5. Bd2 Be7 6. Bg2 O-O 7. O-O c6 8. Qc2
Nbd7 9. Rd1 b6 10. b3 a5 11. Bc3 Bb7 12. Nbd2 c5 13. Ne5 cxd4 14. Bxd4 Nxe5 15.
Bxe5 Qc8 16. Rac1 dxc4 17. Bxf6 Bxf6 18. Qxc4 Bxg2 19. Kxg2 Qb7+ 20. Qe4 Rfb8
21. Rc6 Qd7 22. Rcc1 Qb7 23. Qxb7 Rxb7 24. Ne4 Be7 25. Nd6 Rd7 26. Nc4 Rxd1 27.
Rxd1 b5 28. Ne5 Bf6 29. Nd7 a4 30. Rc1 axb3 31. axb3 Be7 32. Rc7 Rd8 33. Rb7
Bd6 34. g4 h5 35. gxh5 Kh7 36. b4 Bxb4 37. Ne5 Rd5 38. Nxf7 Rxh5 39. f4 Kg6 40.
Ne5+ Kh7 41. Nf7 Kg6 42. Ne5+ Kh7 43. Nf3 Rf5 44. Ng5+ Kh6 45. Kf3 Bd2 46. e3
b4 47. Nxe6 Rh5 48. Nxg7 Rxh2 49. Nf5+ Kg6 50. Ne7+ Kf6 51. Nd5+ Ke6 52. Ke4
Rh3 53. Rb6+ Kd7 54. Kd3 Bc1 55. Rxb4 Kd6 56. Kd4 1-0

[Event "Capablanca Memorial 2015"]
[Site "Havana CUB"]
[Date "2015.06.24"]
[Round "9"]
[White "Nepomniachtchi, Ian"]
[Black "Andreikin, Dmitry"]
[Result "1/2-1/2"]
[WhiteElo "2720"]
[BlackElo "2718"]
[PlyCount "75"]
[EventDate "2015.06.15"]

1. e4 e5 2. Nf3 Nc6 3. d4 exd4 4. Nxd4 Bc5 5. Nxc6 Qf6 6. Qf3 bxc6 7. Nc3 Bd4
8. Na4 d6 9. Bd2 Bd7 10. c3 Qxf3 11. gxf3 Bf6 12. b3 Ne7 13. O-O-O O-O 14. Be3
Rad8 15. Kc2 Ng6 16. Nb2 Nh4 17. Be2 Bh3 18. Nc4 Bg2 19. Rhg1 Bxf3 20. Bxf3
Nxf3 21. Rg3 Ne5 22. Na5 c5 23. f4 Ng6 24. Nc6 Ra8 25. b4 cxb4 26. cxb4 Rfe8
27. Kd3 Ne7 28. Rc1 Bb2 29. Rc4 Nxc6 30. Rxc6 Rab8 31. Rc4 a6 32. Bd2 f5 33.
exf5 c5 34. bxc5 dxc5 35. Rxc5 Bf6 36. Rc6 Red8+ 37. Ke3 Rb2 38. Rxf6 1/2-1/2

[Event "Capablanca Memorial 2015"]
[Site "Havana CUB"]
[Date "2015.06.24"]
[Round "9"]
[White "Bruzon Batista, Lazaro"]
[Black "Yu, Yangyi"]
[Result "1/2-1/2"]
[WhiteElo "2677"]
[BlackElo "2715"]
[PlyCount "28"]
[EventDate "2015.06.15"]

1. Nf3 d5 2. g3 g6 3. Bg2 Bg7 4. d4 Nf6 5. c4 O-O 6. O-O c6 7. cxd5 cxd5 8. Ne5
b6 9. Nc3 Bb7 10. Bf4 Nc6 11. Rc1 Rc8 12. Nxc6 Bxc6 13. Be5 Qd7 14. e3 Rfd8
1/2-1/2

[Event "Capablanca Memorial 2015"]
[Site "Havana CUB"]
[Date "2015.06.24"]
[Round "9"]
[White "Dominguez Perez, Leinier"]
[Black "Eljanov, Pavel"]
[Result "1-0"]
[WhiteElo "2746"]
[BlackElo "2718"]
[PlyCount "71"]
[EventDate "2015.06.15"]

1. e4 e5 2. Nf3 Nc6 3. Bb5 a6 4. Ba4 Nf6 5. O-O Be7 6. d3 b5 7. Bb3 d6 8. a3
O-O 9. Nc3 Bg4 10. Be3 Nd4 11. Bxd4 exd4 12. Nd5 Nd7 13. h3 Bxf3 14. Qxf3 c6
15. Nxe7+ Qxe7 16. Qg3 Rae8 17. f4 Nc5 18. Ba2 Na4 19. Rab1 c5 20. Qf2 Qf6 21.
Qd2 c4 22. dxc4 Rxe4 23. cxb5 axb5 24. Qd3 Nc5 25. Qxb5 Rxf4 26. Rxf4 Qxf4 27.
Rf1 Qe3+ 28. Kh1 g6 29. Qc4 Ne6 30. Qd5 Qe2 31. Bc4 Qxc2 32. b3 Rc8 33. Qf3 Ng5
34. Qf6 Ne4 35. Qxf7+ Kh8 36. Qe7 1-0

[Event "10th Edmonton International 2015"]
[Site "Edmonton CAN"]
[Date "2015.06.24"]
[Round "5"]
[White "Ivanchuk, V."]
[Black "Matras Clement, A."]
[Result "1-0"]
[WhiteElo "2733"]
[BlackElo "2269"]
[PlyCount "73"]
[EventDate "2015.06.20"]

1. e4 e5 2. Nf3 Nc6 3. Bb5 a6 4. Ba4 Nf6 5. O-O Be7 6. Re1 b5 7. Bb3 d6 8. a4
Bb7 9. d3 O-O 10. Nbd2 Na5 11. Ba2 c5 12. Nf1 Bc8 13. axb5 axb5 14. b4 cxb4 15.
Bd2 Bd7 16. Bxb4 Nc6 17. Bd2 Qc7 18. Ne3 Rfc8 19. Bb3 Nd8 20. h4 Be6 21. Rxa8
Rxa8 22. Qb1 Rb8 23. Qb2 Bf8 24. Ra1 h6 25. g3 Bxb3 26. Qxb3 Ne6 27. Bb4 Nc5
28. Qc3 Nfd7 29. Ra5 Qc6 30. Qa3 Na4 31. Ra7 Ndc5 32. Qa2 Rb7 33. Bxc5 Nxc5 34.
Ra8 b4 35. Nd5 b3 36. cxb3 Nxd3 37. Rxf8+ 1-0

[Event "10th Edmonton International 2015"]
[Site "Edmonton CAN"]
[Date "2015.06.24"]
[Round "5"]
[White "Haessel, D."]
[Black "Harikrishna, P."]
[Result "0-1"]
[WhiteElo "2180"]
[BlackElo "2733"]
[PlyCount "76"]
[EventDate "2015.06.20"]

1. d4 Nf6 2. c4 g6 3. Nf3 Bg7 4. g3 O-O 5. Bg2 d6 6. Nc3 Nbd7 7. O-O e5 8. e4
exd4 9. Nxd4 Nc5 10. h3 Re8 11. Re1 a5 12. b3 Bd7 13. Bb2 c6 14. Qc2 Qc8 15.
Kh2 h5 16. Nf3 Qc7 17. Rad1 Re7 18. Bc1 Rae8 19. Ng5 h4 20. Bf4 hxg3+ 21. fxg3
Re5 22. Nf3 Rh5 23. Rxd6 Ng4+ 24. Kg1 Ne5 25. Red1 Bxh3 26. Nxe5 Bxe5 27. Bxe5
Rexe5 28. Qf2 Qe7 29. Bxh3 Rxh3 30. Kg2 Reh5 31. Rd8+ Kh7 32. Qd4 Rxg3+ 33.
Kxg3 Qg5+ 34. Kf3 Rh3+ 35. Kf2 Qg3+ 36. Ke2 Rh2+ 37. Kf1 Qg2+ 38. Ke1 Rh1+ 0-1

[Event "10th Edmonton International 2015"]
[Site "Edmonton CAN"]
[Date "2015.06.24"]
[Round "5"]
[White "Ganguly, S."]
[Black "Shankland, S."]
[Result "1/2-1/2"]
[WhiteElo "2625"]
[BlackElo "2656"]
[PlyCount "137"]
[EventDate "2015.06.20"]

1. d4 Nf6 2. c4 e6 3. Nf3 d5 4. e3 b6 5. b3 Bb7 6. Bd3 Bd6 7. Bb2 O-O 8. O-O
Nbd7 9. Nc3 dxc4 10. Bxc4 a6 11. a4 Bb4 12. Qe2 Qe7 13. Bd3 Rfd8 14. Rfc1 c5
15. Na2 Ba5 16. Bc4 Bd5 17. dxc5 bxc5 18. Bxa6 Bxb3 19. Qb5 Bd5 20. Qxa5 Nb8
21. Qxc5 Qxc5 22. Rxc5 Nxa6 23. Rcc1 Bxa2 24. Rxa2 Nc5 25. Bd4 Rxa4 26. Rxa4
Nxa4 27. g3 Nd7 28. Rc6 Rb8 29. Kg2 Nab6 30. Rc7 Rd8 31. e4 Nc8 32. Bc3 Nf8 33.
Ne5 Nd6 34. Bb4 Nxe4 35. f3 Nf6 36. Nxf7 Rd7 37. Rxd7 N8xd7 38. Nd8 e5 39. Bd6
Ne8 40. Ba3 g6 41. g4 Kg7 42. g5 Nc7 43. Kg3 Nb5 44. Bb4 Nd4 45. Kf2 Nb8 46.
Bd6 Nbc6 47. Nxc6 Nxc6 48. Ke3 Kf7 49. Ke4 Ke6 50. Bc7 Ne7 51. Bxe5 Nf5 52. Bg3
Ng7 53. Be1 Nf5 54. Bc3 Ne7 55. Bb2 Nf5 56. Ba3 Ng7 57. Kf4 Nf5 58. Bc1 Nd4 59.
Kg4 Nf5 60. h4 Nd4 61. Be3 Nf5 62. Bf2 Ng7 63. Bc5 Nf5 64. h5 Ng7 65. h6 Nf5
66. Bf2 Kf7 67. Kf4 Ne7 68. Ke5 Nf5 69. Bc5 1/2-1/2

[Event "10th Edmonton International 2015"]
[Site "Edmonton CAN"]
[Date "2015.06.24"]
[Round "5"]
[White "Hambleton, A."]
[Black "Gardner, R."]
[Result "1-0"]
[WhiteElo "2446"]
[BlackElo "2133"]
[PlyCount "23"]
[EventDate "2015.06.20"]

1. e4 d6 2. d4 Nf6 3. f3 c5 4. c3 Qa5 5. Nd2 cxd4 6. Nb3 Qh5 7. cxd4 g6 8. Be3
Bg7 9. Ne2 g5 10. Qc1 Nc6 11. Bxg5 Bd7 12. h4 1-0

[Event "Capablanca Memorial 2015"]
[Site "Havana CUB"]
[Date "2015.06.25"]
[Round "10"]
[White "Andreikin, Dmitry"]
[Black "Dominguez Perez, Leinier"]
[Result "1/2-1/2"]
[WhiteElo "2718"]
[BlackElo "2746"]
[PlyCount "23"]
[EventDate "2015.06.15"]

1. Nf3 Nf6 2. c4 c5 3. Nc3 Nc6 4. g3 d5 5. d4 e6 6. cxd5 Nxd5 7. Bg2 cxd4 8.
Nxd4 Nxc3 9. bxc3 Nxd4 10. Qxd4 Qxd4 11. cxd4 Bd6 12. O-O 1/2-1/2

[Event "Capablanca Memorial 2015"]
[Site "Havana CUB"]
[Date "2015.06.25"]
[Round "10"]
[White "Eljanov, Pavel"]
[Black "Bruzon Batista, Lazaro"]
[Result "1-0"]
[WhiteElo "2718"]
[BlackElo "2677"]
[PlyCount "67"]
[EventDate "2015.06.15"]

1. c4 Nf6 2. Nc3 e5 3. Nf3 Nc6 4. e3 Bb4 5. Qc2 Bxc3 6. bxc3 O-O 7. e4 d6 8. g3
Ne7 9. Bg2 Ng6 10. O-O Re8 11. Rb1 h6 12. d3 c6 13. Re1 b6 14. a4 Bd7 15. Nd2
Be6 16. d4 Rc8 17. a5 bxa5 18. Ba3 c5 19. dxc5 dxc5 20. Red1 Qc7 21. Nf1 Nd7
22. Ne3 Nb6 23. Nd5 Qc6 24. Bf1 Qa4 25. Qxa4 Nxa4 26. Rb7 a6 27. Rdb1 Kh7 28.
f3 Red8 29. Bc1 Rd6 30. Ra1 Bxd5 31. exd5 Nb6 32. Rxf7 a4 33. Be3 Kg8 34. Ra7
1-0

[Event "10th Edmonton International 2015"]
[Site "Edmonton CAN"]
[Date "2015.06.25"]
[Round "6"]
[White "Harikrishna, P."]
[Black "Ivanchuk, V."]
[Result "1/2-1/2"]
[WhiteElo "2733"]
[BlackElo "2733"]
[PlyCount "81"]
[EventDate "2015.06.20"]

1. d4 Nf6 2. Nf3 d6 3. g3 g6 4. Bg2 Bg7 5. O-O O-O 6. c4 Nc6 7. Nc3 a6 8. d5
Na5 9. b3 Bd7 10. Bd2 b5 11. cxb5 axb5 12. Nd4 b4 13. Ncb5 Qb8 14. a4 bxa3 15.
Nxa3 Ng4 16. Nac2 Qb6 17. e3 Ne5 18. Nb4 Nb7 19. Nbc6 e6 20. Qc2 Rxa1 21. Rxa1
Re8 22. Rc1 Bxc6 23. Nxc6 exd5 24. Nxe5 Bxe5 25. Qc6 Qxc6 26. Rxc6 Rc8 27. Bxd5
Nd8 28. Rc2 c5 29. b4 Ne6 30. f4 Bf6 31. Ra2 cxb4 32. Bxb4 Be7 33. Ra7 Kf8 34.
e4 Rb8 35. Ba3 Nd4 36. e5 Rb1+ 37. Kg2 Nb5 38. Ra8+ Kg7 39. exd6 Bxd6 40. Bxd6
Nxd6 41. Ra2 1/2-1/2

[Event "10th Edmonton International 2015"]
[Site "Edmonton CAN"]
[Date "2015.06.25"]
[Round "6"]
[White "Shankland, S."]
[Black "Pechenkin, V."]
[Result "1-0"]
[WhiteElo "2656"]
[BlackElo "2314"]
[PlyCount "51"]
[EventDate "2015.06.20"]

1. Nf3 e6 2. d4 f5 3. e3 Nf6 4. c4 Bb4+ 5. Nbd2 b6 6. Bd3 Bb7 7. O-O O-O 8. a3
Bxd2 9. Nxd2 d6 10. b4 Nbd7 11. Bb2 Qe8 12. f3 Qh5 13. Qe2 a5 14. Rfe1 e5 15.
d5 axb4 16. axb4 b5 17. e4 fxe4 18. fxe4 Ng4 19. Nf3 bxc4 20. Bxc4 Nb6 21. Bb5
h6 22. Ra5 Kh8 23. h3 Nf6 24. Rf1 Rab8 25. Nxe5 Qg5 26. h4 1-0

[Event "10th Edmonton International 2015"]
[Site "Edmonton CAN"]
[Date "2015.06.25"]
[Round "6"]
[White "Matras Clement, A."]
[Black "Ganguly, S."]
[Result "0-1"]
[WhiteElo "2269"]
[BlackElo "2625"]
[PlyCount "83"]
[EventDate "2015.06.20"]

1. e4 e6 2. d4 d5 3. Nd2 Be7 4. Bd3 c5 5. dxc5 Nf6 6. Qe2 O-O 7. Ngf3 a5 8. O-O
Na6 9. e5 Nd7 10. c4 Naxc5 11. Bc2 f6 12. exf6 Bxf6 13. cxd5 exd5 14. Nb3 b6
15. Rd1 Ba6 16. Qd2 Bb7 17. Nbd4 Ne5 18. Nxe5 Bxe5 19. Qg5 Bf6 20. Qh5 g6 21.
Qh6 Bg7 22. Qh3 Qf6 23. Be3 Rae8 24. Nf3 Bc8 25. Qh4 Qxh4 26. Nxh4 d4 27. Bxd4
Re2 28. Bxc5 bxc5 29. Bd3 Rexf2 30. Nf3 Rxb2 31. Rac1 Be6 32. Bc4 Bxc4 33. Rxc4
Rc8 34. a4 Rb4 35. Rdc1 Rxc4 36. Rxc4 Kf7 37. Ng5+ Ke7 38. Nxh7 Ke6 39. Ng5+
Kd5 40. Rc2 c4 41. Kf2 c3 42. Nf3 0-1

[Event "10th Edmonton International 2015"]
[Site "Edmonton CAN"]
[Date "2015.06.25"]
[Round "6"]
[White "Hambleton, A."]
[Black "Haessel, D."]
[Result "0-1"]
[WhiteElo "2446"]
[BlackElo "2180"]
[PlyCount "160"]
[EventDate "2015.06.20"]

1. c4 c5 2. Nc3 g6 3. g3 Bg7 4. Bg2 Nf6 5. e3 Nc6 6. Nge2 d6 7. O-O O-O 8. d4
cxd4 9. exd4 Bf5 10. h3 h5 11. Bg5 Qd7 12. Kh2 e5 13. d5 Na5 14. b3 a6 15. Na4
Qc7 16. Rc1 Bd7 17. Nec3 b6 18. Be3 Rfb8 19. f4 exf4 20. Rxf4 Qd8 21. Nb2 b5
22. c5 dxc5 23. Bxc5 Nb7 24. b4 Bf5 25. d6 Qd7 26. Qh1 Bh6 27. Bc6 Qc8 28. Rxf5
gxf5 29. Rf1 Nxc5 30. bxc5 Ra7 31. Nd3 Qe6 32. Qf3 Rc8 33. Nd5 Ne4 34. Qxh5
Rxc6 35. Rxf5 Bg7 36. N3f4 Qe8 37. Nb4 Rc8 38. Nbd3 Qd7 39. Ne5 Bxe5 40. Rxe5
Re8 41. Rg5+ Nxg5 42. Qxg5+ Kf8 43. Qh6+ Kg8 44. Nh5 Re2+ 45. Kg1 Re1+ 46. Kf2
Qf5+ 47. Kxe1 Qe4+ 48. Kf2 Qf5+ 49. Ke2 Qe5+ 50. Kd2 Qd5+ 51. Ke1 Qe5+ 52. Kf1
Qf5+ 53. Ke2 Qe5+ 54. Kd3 Qd5+ 55. Ke2 Qe5+ 56. Kd1 Qd5+ 57. Kc1 Qxc5+ 58. Kb1
Qb4+ 59. Kc2 Qc4+ 60. Kd1 Qd5+ 61. Ke1 Qe6+ 62. Qxe6 fxe6 63. d7 Ra8 64. Nf6+
Kf7 65. Ne4 Ke7 66. Nc5 a5 67. h4 b4 68. Kd2 Rg8 69. Kc2 Rxg3 70. Nxe6 Kxd7 71.
Nd4 Kc7 72. a3 Kb6 73. axb4 axb4 74. h5 Ka5 75. Ne6 Ka4 76. Kb2 Rg2+ 77. Kb1
Rh2 78. Nd4 b3 79. Nf3 Rxh5 80. Nd4 Ka3 0-1

[Event "10th Edmonton International 2015"]
[Site "Edmonton CAN"]
[Date "2015.06.26"]
[Round "7"]
[White "Ivanchuk, V."]
[Black "Hambleton, A."]
[Result "1/2-1/2"]
[WhiteElo "2733"]
[BlackElo "2446"]
[PlyCount "73"]
[EventDate "2015.06.20"]

1. e4 e6 2. d4 d5 3. Nd2 c5 4. Ngf3 cxd4 5. Nxd4 Nf6 6. exd5 Qxd5 7. Nb5 Na6 8.
Nc3 Qd8 9. a3 Bd7 10. Nc4 Nc5 11. Nd6+ Bxd6 12. Qxd6 Qe7 13. Qe5 Bc6 14. Be3
Ncd7 15. Qg5 O-O 16. O-O-O Rfe8 17. f3 a6 18. h4 e5 19. h5 h6 20. Qg3 Kh8 21.
Be2 Nc5 22. Bc4 Na4 23. Nd5 Bxd5 24. Bxd5 Nxd5 25. Rxd5 Rad8 26. Rxd8 Rxd8 27.
Qh4 Qd7 28. Qb4 Qc6 29. Rd1 Rxd1+ 30. Kxd1 Qc4 31. Qxb7 Qf1+ 32. Kd2 Qxg2+ 33.
Kd3 Qf1+ 34. Ke4 Qe2 35. Qc8+ Kh7 36. b3 Nb2 37. Qf5+ 1/2-1/2

[Event "10th Edmonton International 2015"]
[Site "Edmonton CAN"]
[Date "2015.06.26"]
[Round "7"]
[White "Ganguly, S."]
[Black "Harikrishna, P."]
[Result "1/2-1/2"]
[WhiteElo "2625"]
[BlackElo "2733"]
[PlyCount "72"]
[EventDate "2015.06.20"]

1. d4 Nf6 2. c4 e6 3. Nc3 Bb4 4. e3 O-O 5. Bd3 d5 6. Nf3 c5 7. O-O cxd4 8. exd4
dxc4 9. Bxc4 b6 10. Bg5 Bb7 11. Re1 Nbd7 12. Rc1 Rc8 13. Bd3 Re8 14. Qe2 Bxc3
15. bxc3 Qc7 16. c4 h6 17. Bd2 Qd6 18. Bc3 Ng4 19. h3 Bxf3 20. Qxf3 Qh2+ 21.
Kf1 Ngf6 22. Qg3 Qxg3 23. fxg3 Rcd8 24. Rcd1 Rc8 25. Rc1 Rcd8 26. Rcd1 Rc8 27.
Kf2 b5 28. c5 a6 29. a4 bxa4 30. Ra1 e5 31. Rxa4 exd4 32. Rxe8+ Nxe8 33. Bxa6
Rc7 34. Bxd4 Nxc5 35. Bxc5 Rxc5 36. Bd3 Rc8 1/2-1/2

[Event "10th Edmonton International 2015"]
[Site "Edmonton CAN"]
[Date "2015.06.26"]
[Round "7"]
[White "Pechenkin, V."]
[Black "Matras Clement, A."]
[Result "1-0"]
[WhiteElo "2314"]
[BlackElo "2269"]
[PlyCount "89"]
[EventDate "2015.06.20"]

1. c4 e6 2. g3 d5 3. Bg2 Nf6 4. Nf3 c5 5. cxd5 exd5 6. d4 Nc6 7. Nc3 Be7 8. O-O
O-O 9. dxc5 Bxc5 10. Na4 Be7 11. b3 Be6 12. Bb2 Ne4 13. Rc1 Bf6 14. Nd4 Nxd4
15. Bxd4 b6 16. Nc3 Nxc3 17. Rxc3 Re8 18. Rd3 Bxd4 19. Rxd4 Qe7 20. e3 Qa3 21.
Qd2 Rac8 22. Bxd5 Bxd5 23. Rxd5 h6 24. Rd1 Re7 25. h4 Ree8 26. Rd7 Re7 27. Rxe7
Qxe7 28. Qd7 Re8 29. Qxe7 Rxe7 30. Rd8+ Kh7 31. h5 Rc7 32. Ra8 b5 33. Kg2 Rb7
34. b4 g6 35. hxg6+ Kxg6 36. Kf3 Kf5 37. a3 h5 38. Rc8 Kg5 39. Rc5+ Kg6 40.
Rc6+ f6 41. Kf4 Rd7 42. e4 Re7 43. f3 Re8 44. Ke3 Re7 45. f4 1-0

[Event "10th Edmonton International 2015"]
[Site "Edmonton CAN"]
[Date "2015.06.26"]
[Round "7"]
[White "Haessel, D."]
[Black "Gardner, R."]
[Result "1-0"]
[WhiteElo "2180"]
[BlackElo "2133"]
[PlyCount "89"]
[EventDate "2015.06.20"]

1. d4 Nf6 2. c4 e6 3. Nf3 b6 4. a3 d5 5. Nc3 Bd6 6. Bg5 Bb7 7. Rc1 c6 8. cxd5
exd5 9. e3 O-O 10. Bd3 Re8 11. O-O Nbd7 12. Qe2 b5 13. Bf5 Nf8 14. Qc2 Ng6 15.
e4 dxe4 16. Nxe4 Be7 17. Nc5 Bc8 18. Rfe1 Nd5 19. Bxe7 Rxe7 20. Ne5 Bxf5 21.
Qxf5 Nxe5 22. dxe5 Qe8 23. f4 Rd8 24. Ne4 g6 25. Qg5 f5 26. Ng3 Kh8 27. Red1
Re6 28. Ne2 c5 29. Rxc5 Nf6 30. Rdc1 Qd7 31. h3 Ng8 32. Rc7 Qd2 33. Qh4 h6 34.
Qf2 Nf6 35. Qxa7 Nd7 36. Rc8 Ree8 37. Rxd8 Rxd8 38. Qc7 Rg8 39. Rc2 Qe1+ 40.
Kh2 g5 41. Qd6 Rg7 42. Qxh6+ Kg8 43. Rc8+ Nf8 44. Qe6+ Rf7 45. Qg6+ 1-0

[Event "Russian Championship 2015"]
[Site "Kaliningrad RUS"]
[Date "2015.06.22"]
[Round "1"]
[White "Malakhov, Vladimir"]
[Black "Lintchevski, Daniil"]
[Result "1/2-1/2"]
[WhiteElo "2699"]
[BlackElo "2557"]
[PlyCount "54"]
[EventDate "2015.06.22"]

1. c4 c5 2. Nf3 Nc6 3. Nc3 g6 4. e3 Nf6 5. d4 cxd4 6. exd4 d5 7. cxd5 Nxd5 8.
Qb3 e6 9. Bg5 Be7 10. Bh6 Bf8 11. Bxf8 Kxf8 12. Bb5 Nce7 13. O-O Kg7 14. Rac1
Nxc3 15. bxc3 Bd7 16. c4 Re8 17. Rfd1 Rc8 18. Qb2 f6 19. Re1 a6 20. Bxd7 Qxd7
21. Re3 b5 22. c5 Nc6 23. h4 Rcd8 24. Ra3 Qb7 25. Re3 Qd7 26. Ra3 Qb7 27. Re3
Qd7 1/2-1/2

[Event "Russian Championship 2015"]
[Site "Kaliningrad RUS"]
[Date "2015.06.25"]
[Round "4"]
[White "Rakhmanov, Aleksandr"]
[Black "Malakhov, Vladimir"]
[Result "1/2-1/2"]
[WhiteElo "2623"]
[BlackElo "2699"]
[PlyCount "117"]
[EventDate "2015.06.22"]

1. d4 d5 2. c4 c6 3. cxd5 cxd5 4. Bf4 Nc6 5. e3 Nf6 6. Nc3 e6 7. Bd3 Be7 8. Nf3
O-O 9. Ne5 Nxe5 10. Bxe5 Bd7 11. O-O Bc6 12. Rc1 Nd7 13. Bg3 Nb6 14. Ne2 Rc8
15. Nf4 Nd7 16. Qc2 Nf6 17. Bh4 h6 18. Bxf6 Bxf6 19. Nh5 Be7 20. Qe2 Bd6 21. f4
g6 22. Ng3 Qe7 23. Nh1 Rc7 24. Nf2 Rfc8 25. a3 Ba4 26. Qd2 Kg7 27. Rxc7 Qxc7
28. Bb1 Bb5 29. Nd3 Bxd3 30. Bxd3 h5 31. g3 Qc6 32. Kf2 b5 33. Ke2 a6 34. Kf2
b4 35. axb4 Qa4 36. Rc1 Bxb4 37. Qd1 Qxd1 38. Rxd1 a5 39. Kf3 Kf6 40. h4 Ke7
41. Ke2 Kd6 42. Rg1 Rc7 43. Kd1 Ke7 44. Rg2 Rb7 45. Kc2 a4 46. Rg1 Rc7+ 47. Kd1
a3 48. bxa3 Bxa3 49. Ke2 Bc1 50. g4 hxg4 51. Rxg4 Rc8 52. Rg1 Ba3 53. Rh1 Kf6
54. h5 Rh8 55. Ra1 Bb2 56. Ra2 Bc3 57. Ra3 Bb2 58. Ra2 Rxh5 59. Kd2 1/2-1/2

[Event "Russian Championship 2015"]
[Site "Kaliningrad RUS"]
[Date "2015.06.26"]
[Round "5"]
[White "Malakhov, Vladimir"]
[Black "Landa, Konstantin"]
[Result "1-0"]
[WhiteElo "2699"]
[BlackElo "2627"]
[PlyCount "161"]
[EventDate "2015.06.22"]

1. c4 c5 2. Nf3 Nc6 3. d4 cxd4 4. Nxd4 Nf6 5. Nc3 e6 6. a3 Be7 7. e4 O-O 8. Nf3
Qa5 9. Bd3 d5 10. exd5 exd5 11. cxd5 Nxd5 12. Bxh7+ Kxh7 13. Qxd5 Qa6 14. Qb5
Qxb5 15. Nxb5 Bg4 16. O-O Bxf3 17. gxf3 Bf6 18. Nd6 Nd4 19. Kg2 Be5 20. Nc4 Nb3
21. Rb1 Bd4 22. Rd1 Rac8 23. Na5 Nxc1 24. Rxd4 b6 25. Nc4 Ne2 26. Rh4+ Kg8 27.
Kf1 g5 28. Rg4 Nf4 29. Rxg5+ Kh7 30. b3 Rc5 31. Rg4 Ng6 32. Rd1 b5 33. Ne3 Rc3
34. Rb4 Rb8 35. Rd5 a5 36. Rbxb5 Rxb3 37. Rxb8 Rxb8 38. Rxa5 Nf4 39. Ke1 Rb2
40. Rf5 Nd3+ 41. Kf1 Rxf2+ 42. Kg1 Ra2 43. Rxf7+ Kg6 44. Rf8 Rxa3 45. Nc2 Ra4
46. Rd8 Ra2 47. Ne3 Nf4 48. Ng4 Nh3+ 49. Kf1 Kg5 50. Rh8 Ra1+ 51. Kg2 Nf4+ 52.
Kg3 Nh5+ 53. Kf2 Ra2+ 54. Ke1 Ra1+ 55. Kd2 Ra2+ 56. Kd1 Ra1+ 57. Kc2 Ra3 58.
Rg8+ Kf4 59. Rf8+ Kg5 60. Kd2 Ra2+ 61. Kc3 Ra3+ 62. Kb4 Ra2 63. Rh8 Rc2 64. Kb3
Rc7 65. Rf8 Rc1 66. Ne3 Rh1 67. Ng4 Rc1 68. Kb2 Rc5 69. Nf2 Rc7 70. Ne4+ Kg6
71. h4 Rf7 72. Rxf7 Kxf7 73. Kc3 Nf4 74. Kd4 Ng2 75. h5 Nf4 76. Ng3 Kf6 77. Ke4
Kg5 78. Ke5 Nd3+ 79. Ke6 Nf4+ 80. Kf7 Ng2 81. Kg7 1-0

[Event "Dortmund Sparkassen 2015"]
[Site "Dortmund GER"]
[Date "2015.06.27"]
[Round "1"]
[White "Meier, Georg"]
[Black "Hou, Yifan"]
[Result "1/2-1/2"]
[WhiteElo "2654"]
[BlackElo "2676"]
[PlyCount "117"]
[EventDate "2015.06.27"]

1. d4 Nf6 2. c4 e6 3. Nf3 d5 4. g3 Be7 5. Bg2 O-O 6. O-O dxc4 7. Qc2 a6 8. a4
Bd7 9. Qxc4 Bc6 10. Bg5 Bd5 11. Qc2 Be4 12. Qd1 c5 13. dxc5 Bxc5 14. Nbd2 Bc6
15. Ne5 Bxg2 16. Kxg2 Nbd7 17. Rc1 Nxe5 18. Rxc5 Ned7 19. Bxf6 Nxf6 20. Qc2 Rc8
21. Rxc8 Qxc8 22. Rc1 Qd7 23. Nf3 Rd8 24. Qb3 h6 25. Rc4 Qe7 26. e4 e5 27. Qc3
Re8 28. a5 Qe6 29. Rb4 Rc8 30. Qxe5 Qxe5 31. Nxe5 Rc5 32. f4 Rxa5 33. Kf3 b5
34. Rd4 g5 35. Rd6 Kg7 36. Nd3 Ra4 37. e5 Ne4 38. Rd7 gxf4 39. gxf4 Kg6 40. Ke3
f5 41. Rb7 Ra1 42. Rb6+ Kg7 43. b4 h5 44. Rb7+ Kg6 45. Rb6+ Kg7 46. h4 Ra3 47.
Rb7+ Kg6 48. Kd4 Ng3 49. Rd7 Ne2+ 50. Ke3 Nc1 51. Kd2 Nxd3 52. Rxd3 Ra2+ 53.
Ke3 Rb2 54. Rd6+ Kg7 55. Rxa6 Rb3+ 56. Ke2 Rxb4 57. Ke3 Rb3+ 58. Ke2 Rb4 59.
Ke3 1/2-1/2

[Event "Dortmund Sparkassen 2015"]
[Site "Dortmund GER"]
[Date "2015.06.27"]
[Round "1"]
[White "Kramnik, Vladimir"]
[Black "Naiditsch, Arkadij"]
[Result "0-1"]
[WhiteElo "2783"]
[BlackElo "2722"]
[PlyCount "114"]
[EventDate "2015.06.27"]

1. d4 Nf6 2. Nf3 d5 3. c4 e6 4. Nc3 c5 5. cxd5 Nxd5 6. e4 Nxc3 7. bxc3 cxd4 8.
cxd4 Bb4+ 9. Bd2 Bxd2+ 10. Qxd2 O-O 11. Bc4 Nd7 12. O-O b6 13. a4 Bb7 14. Bd3
a5 15. Rfc1 e5 16. d5 Nc5 17. Qe3 f5 18. Bc4 Qd6 19. exf5 Rxf5 20. Ng5 Rf4 21.
Rab1 Qg6 22. Ba2 Qxg5 23. Rxb6 Raf8 24. f3 Nd3 25. Rd1 Nb4 26. Rxb7 Nxa2 27. d6
Nb4 28. Rb5 Nc6 29. d7 h6 30. Rbd5 Rd8 31. Qc3 Nd4 32. Kh1 Rh4 33. Qc7 Kh7 34.
h3 Nxf3 35. Qc2+ Kh8 36. Qf2 Nd4 37. Re1 Rf4 38. Qb2 Qf6 39. Qb1 Nf5 40. Kh2
Rb4 41. Qc1 Ne7 42. Rxa5 Rxd7 43. Raxe5 Ng6 44. Re6 Qf4+ 45. Qxf4 Nxf4 46. R6e4
Rxe4 47. Rxe4 Nd3 48. Re8+ Kh7 49. Ra8 Rd4 50. g4 Nc5 51. a5 Ra4 52. Kg3 Ra3+
53. Kg2 Ne4 54. a6 Nd6 55. h4 Nb5 56. g5 hxg5 57. hxg5 Nc7 0-1

[Event "Dortmund Sparkassen 2015"]
[Site "Dortmund GER"]
[Date "2015.06.27"]
[Round "1"]
[White "Nepomniachtchi, Ian"]
[Black "Caruana, Fabiano"]
[Result "1/2-1/2"]
[WhiteElo "2720"]
[BlackElo "2805"]
[PlyCount "91"]
[EventDate "2015.06.27"]

1. Nf3 d5 2. g3 g6 3. Bg2 Bg7 4. d4 c6 5. O-O Nf6 6. b3 O-O 7. Bb2 Ne4 8. Nbd2
Bf5 9. c4 Nd7 10. Rc1 a5 11. Nh4 Nxd2 12. Qxd2 Be6 13. cxd5 cxd5 14. Nf3 Nf6
15. Ne5 Ne4 16. Qe3 a4 17. Nd3 axb3 18. axb3 Qb6 19. Nc5 Ra2 20. Bxe4 dxe4 21.
Bc3 Qb5 22. Nxe6 fxe6 23. Rfe1 Qd5 24. Red1 Ra3 25. Qd2 Qxb3 26. Qg5 Ra2 27.
Rd2 Bf6 28. Qc5 Rxd2 29. Bxd2 Qd5 30. Be3 Rd8 31. Rb1 Rd7 32. Rb5 Kf7 33. Qb4
Qc6 34. Rb6 Qd5 35. Rb5 Qc6 36. Rb6 Qc2 37. Rxb7 Rxb7 38. Qxb7 Bxd4 39. Bxd4
Qd1+ 40. Kg2 Qxd4 41. e3 Qd5 42. Qb2 Qf5 43. Qh8 Qf3+ 44. Kg1 Qd1+ 45. Kg2 Qf3+
46. Kg1 1/2-1/2

[Event "Dortmund Sparkassen 2015"]
[Site "Dortmund GER"]
[Date "2015.06.27"]
[Round "1"]
[White "Nisipeanu, Liviu-Dieter"]
[Black "So, Wesley"]
[Result "1-0"]
[WhiteElo "2654"]
[BlackElo "2778"]
[PlyCount "55"]
[EventDate "2015.06.27"]

1. e4 c5 2. Nc3 d6 3. f4 g6 4. Nf3 Bg7 5. Bb5+ Bd7 6. Bxd7+ Qxd7 7. O-O Nc6 8.
d3 e6 9. f5 Nge7 10. fxe6 fxe6 11. Ng5 Ne5 12. Nb5 Qxb5 13. Nxe6 Kd7 14. Nxg7
h5 15. a4 Qb6 16. a5 Qb5 17. c4 Qc6 18. b4 Rh7 19. bxc5 Rxg7 20. Rf6 Nc8 21. d4
Ng4 22. Rf3 Qxe4 23. h3 dxc5 24. dxc5+ Ke8 25. hxg4 Ne7 26. Qf1 Rg8 27. Bb2
hxg4 28. Re1 1-0

[Event "10th Edmonton International 2015"]
[Site "Edmonton CAN"]
[Date "2015.06.27"]
[Round "8"]
[White "Haessel, D."]
[Black "Ivanchuk, V."]
[Result "0-1"]
[WhiteElo "2180"]
[BlackElo "2733"]
[PlyCount "68"]
[EventDate "2015.06.20"]

1. d4 Nf6 2. c4 e6 3. Nf3 c5 4. d5 d6 5. Nc3 exd5 6. cxd5 g6 7. Bf4 a6 8. a4
Bg7 9. h3 O-O 10. e3 Re8 11. Be2 Ne4 12. Qb3 Nd7 13. O-O Ndf6 14. Nxe4 Nxe4 15.
Rfd1 Qf6 16. Nd2 g5 17. Nxe4 Rxe4 18. Bg3 Rb4 19. Qc3 Qe7 20. Qd3 Bxb2 21. Ra2
Be5 22. Bxe5 Qxe5 23. a5 Bd7 24. Qc2 Rc8 25. Bd3 h5 26. Be2 g4 27. hxg4 hxg4
28. Qd2 Kg7 29. f4 gxf3 30. Bxf3 Rb3 31. Kf2 Rh8 32. Rc1 Rh4 33. Rac2 Rhb4 34.
Rh1 Rb2 0-1